000 00708nam a2200229Ia 4500
999 _c14953
_d14953
082 _a304.6095 HUM-
245 0 _aHuman resources in development along the Asia-Pacific rim
440 _aSouth-East Asian social science monographs
504 _aincludes bibliography and index
650 _aAsia
_vEconomic policy
650 _aPacific area
_vEconomic policy
650 _aAsia
_vPopulation
650 _aPacific area
_vPopulation
650 _aHuman capital
_vPacific area
650 _aEducation
_vPacific area
650 _aMedical care
_vAsia
650 _aMedical care
_vPacific area
700 _aOgawa, Naohiro
700 _aJones , Gavin W.
700 _aWilliamson, Jeffery G
942 _cBK